Loading...
| Current Events | 3 | 20.00 | 100% | 67% | 33% |
| Fine Arts - Classical Music | 6 | 13.33 | 83% | 50% | 0% |
| Fine Arts - Other | 7 | 15.71 | 100% | 57% | 0% |
| Fine Arts - Painting & Sculpture | 6 | 13.33 | 100% | 33% | 0% |
| Geography | 6 | 20.00 | 100% | 100% | 0% |
| History - American | 8 | 17.50 | 88% | 75% | 13% |
| History - European | 11 | 15.45 | 100% | 55% | 0% |
| History - Other | 6 | 21.67 | 100% | 83% | 33% |
| History - World | 11 | 13.64 | 82% | 46% | 9% |
| Literature - American | 6 | 15.00 | 100% | 33% | 17% |
| Literature - British | 9 | 12.22 | 89% | 22% | 11% |
| Literature - European | 10 | 15.00 | 90% | 40% | 20% |
| Literature - World | 7 | 12.86 | 86% | 43% | 0% |
| Mythology | 2 | 10.00 | 100% | 0% | 0% |
| Other Academic | 6 | 13.33 | 100% | 33% | 0% |
| Philosophy | 13 | 10.00 | 77% | 23% | 0% |
| Religion | 7 | 15.71 | 86% | 71% | 0% |
| Science - Biology | 11 | 10.91 | 91% | 18% | 0% |
| Science - Chemistry | 8 | 15.00 | 100% | 50% | 0% |
| Science - Other | 6 | 18.33 | 100% | 67% | 17% |
| Science - Physics | 5 | 20.00 | 100% | 100% | 0% |
| Social Science | 6 | 11.67 | 100% | 17% | 0% |